| 000 | 01046cab a2200325 4500 | ||
|---|---|---|---|
| 001 | ABS58028 | ||
| 008 | 090401t1997 xxu||||| |||| 00| 0 eng d | ||
| 035 | _a(Sirsi) u82932 | ||
| 041 | _aeng | ||
| 100 | _aSchofield, J.A. | ||
| 245 | 3 | _aAn attribution of the return on the UK commercial property market | |
| 260 | _c1997 | ||
| 350 | _a0 | ||
| 490 |
_aJournal of Property Finance _v8(4) 1997, 336-362(27) |
||
| 520 | _aInvestigates the poor performance of returns in the property market compared to UK equities and gilts as a whole, between 1981 and 1994. References. | ||
| 650 | _aCASH FLOW ANALYSIS | ||
| 650 | _aPROPERTY-COMMERCIAL PROPERTY | ||
| 650 | _aEQUITY MARKETS | ||
| 650 | _aGILT YIELDS | ||
| 650 | _aINFLATION | ||
| 650 | _aINVESTMENT MARKET | ||
| 650 | _aIPD MONTHLY INDEX | ||
| 650 | _aOVER-RENTING | ||
| 650 | _aPERFORMANCE | ||
| 650 | _aPROPERTY RETURNS | ||
| 650 | _aRETURNS | ||
| 690 | _aPROPERTY-COMMERCIAL PROPERTY-COMMERCIAL PROPERTY FINANCE AND INVESTMENT | ||
| 942 | _n0 | ||
| 948 | _c05/01/1998 | ||
| 999 |
_c52386 _d52386 |
||